[Event "XXIII Miedzynarodowy Festiwal Szachowy "]
[Site "Krakow, Hotel Galaxy  ul. Ges"]
[Date "2013.01.02"]
[Round "7.24"]
[White "Sliwicka, Alicja"]
[Black "Markiewicz, Mateusz"]
[Result "1-0"]
[WhiteElo "1772"]
[BlackElo "2069"]
[PlyCount "89"]
[EventDate "2013.??.??"]

1. e4 c5 2. Nf3 Nf6 3. e5 Nd5 4. Nc3 e6 5. d4 Nc6 6. Nxd5 exd5 7. c3 d6 8. Bf4
dxe5 9. Nxe5 cxd4 10. Bb5 Qb6 11. Qe2 Be6 12. a4 dxc3 13. a5 cxb2 14. Qxb2 Qc5
15. O-O Rc8 16. Rac1 Qb4 17. Qxb4 Bxb4 18. a6 bxa6 19. Bxc6+ Ke7 20. Bb7 Rxc1
21. Rxc1 Kf6 22. Bxa6 g5 23. Bg3 Ba3 24. Rd1 Re8 25. Nf3 Bc8 26. Bxc8 Rxc8 27.
h4 Rc1 28. hxg5+ Kf5 29. Rxc1 Bxc1 30. Bb8 a6 31. Kf1 Ke4 32. Ke2 a5 33. Nd2+
Bxd2 34. Kxd2 a4 35. Bd6 Kd4 36. f3 Kc4 37. Kc2 Kd4 38. Bf4 a3 39. Kb3 Kd3 40.
Kxa3 Ke2 41. Kb4 Kf2 42. Kc5 Kxg2 43. Kxd5 Kxf3 44. Ke5 Kg4 45. Bc1 1-0

[Event "XXIII Miedzynarodowy Festiwal Szachowy "]
[Site "Krakow, Hotel Galaxy  ul. Ges"]
[Date "2013.01.02"]
[Round "7.25"]
[White "Grochulski, Grzegorz"]
[Black "Tracz, Marcelina"]
[Result "1-0"]
[WhiteElo "2067"]
[BlackElo "1705"]
[PlyCount "57"]
[EventDate "2013.??.??"]

1. e4 e5 2. Nc3 Nf6 3. f4 d5 4. fxe5 Nxe4 5. Qf3 Nxc3 6. bxc3 Be7 7. d4 O-O 8.
Bd3 f6 9. Qe2 fxe5 10. dxe5 Nc6 11. Nf3 Bc5 12. Be3 Bxe3 13. Qxe3 Bg4 14. O-O
Qe7 15. Rae1 Rae8 16. e6 Qxe6 17. Bxh7+ Kh8 18. Qg5 Qh6 19. Rxe8 Rxe8 20. Qxg4
Kxh7 21. Ng5+ Kg8 22. Qd7 Qxg5 23. Qxe8+ Kh7 24. Re1 Qg6 25. Qd7 Qf6 26. Qxd5
Qd6 27. Qxd6 cxd6 28. Rd1 Kg6 29. Rxd6+ 1-0

[Event "XXIII Miedzynarodowy Festiwal Szachowy "]
[Site "Krakow, Hotel Galaxy  ul. Ges"]
[Date "2013.01.02"]
[Round "7.26"]
[White "Mottang, Harald"]
[Black "Lada, Ireneusz"]
[Result "0-1"]
[WhiteElo "1731"]
[BlackElo "2003"]
[PlyCount "64"]
[EventDate "2013.??.??"]

1. Nf3 d6 2. e4 g6 3. d4 Bg7 4. c4 Nc6 5. Nc3 e5 6. d5 Nce7 7. Bd3 f5 8. Bg5
Nf6 9. O-O O-O 10. Qc2 h6 11. Bd2 Nh5 12. Rae1 f4 13. Nh4 Bf6 14. g3 Bxh4 15.
gxh4 Bh3 16. Kh1 Bxf1 17. Rxf1 Kh7 18. Rg1 Ng8 19. Rg4 Ngf6 20. Rg2 Qd7 21. Qd1
f3 22. Qxf3 Nxd5 23. Qg4 Qxg4 24. Rxg4 Nxc3 25. Bxc3 Rxf2 26. c5 Raf8 27. Bc4
R8f4 28. Rg1 Rxh4 29. Rg2 Rxg2 30. Kxg2 Nf4+ 31. Kg1 Rg4+ 32. Kf1 Rg2 0-1

[Event "XXIII Miedzynarodowy Festiwal Szachowy "]
[Site "Krakow, Hotel Galaxy  ul. Ges"]
[Date "2013.01.02"]
[Round "7.27"]
[White "Carbonaro, Davidei"]
[Black "Jajte-pachota, Jerzy"]
[Result "0-1"]
[WhiteElo "1608"]
[BlackElo "1923"]
[PlyCount "82"]
[EventDate "2013.??.??"]

1. e4 c6 2. d3 d5 3. Nd2 e6 4. Ngf3 dxe4 5. dxe4 g6 6. Be2 Bg7 7. O-O Nf6 8. c3
O-O 9. Qc2 b6 10. Re1 Bb7 11. e5 Nfd7 12. Nc4 Qc7 13. Bf4 c5 14. Rad1 Nc6 15.
Bf1 Rad8 16. Nd6 Ndxe5 17. Nxe5 Bxe5 18. Bxe5 Nxe5 19. Nxb7 Rxd1 20. Qxd1 Nc6
21. Ba6 Nb8 22. Qa4 Nxa6 23. Qxa6 Rb8 24. Qxa7 Rxb7 25. Qa8+ Rb8 26. Qf3 Kg7
27. g3 Rd8 28. Rd1 Rd7 29. Qe2 f6 30. Rxd7+ Qxd7 31. Kg2 f5 32. f4 Kf6 33. b3
h6 34. c4 g5 35. Qb2+ Kf7 36. fxg5 hxg5 37. Qe2 Kg6 38. g4 fxg4 39. Qe4+ Kf6
40. Qxg4 Qd2+ 41. Kf3 Qxa2 0-1

[Event "XXIII Miedzynarodowy Festiwal Szachowy "]
[Site "Krakow, Hotel Galaxy  ul. Ges"]
[Date "2013.01.02"]
[Round "7.28"]
[White "Sadzikowski, Marian"]
[Black "Bandyk, Sebastian"]
[Result "0-1"]
[WhiteElo "1868"]
[BlackElo "1454"]
[PlyCount "162"]
[EventDate "2013.??.??"]

1. e4 c5 2. f4 d5 3. Bb5+ Bd7 4. Bxd7+ Qxd7 5. e5 Nc6 6. d3 e6 7. Nf3 Be7 8.
O-O Nh6 9. c3 d4 10. c4 g6 11. Nbd2 Nf5 12. Ne4 h5 13. Bd2 b6 14. Qe1 Rc8 15.
h3 Qd8 16. Nfg5 Kf8 17. Ng3 Bxg5 18. fxg5 Qc7 19. Bf4 Nxg3 20. Bxg3 Ne7 21. Qe2
Nf5 22. Bf4 h4 23. Rf3 Ke7 24. Qf2 Rh5 25. Re1 Qc6 26. Re4 Rch8 27. Bd2 Qa4 28.
a3 R8h7 29. Rff4 Qb3 30. Qf3 Qxb2 31. Be1 Qxa3 32. Re2 Qa6 33. Qc6 Rh8 34. Qc7+
Ke8 35. Rff2 Qa1 36. Kh2 a5 37. Bxa5 Kf8 38. Qd8+ Kg7 39. Qf6+ Kh7 40. Rxf5 Rf8
41. Bxb6 gxf5 42. g6+ Kg8 43. Bxc5 Qf1 44. Rb2 Qf4+ 45. Kg1 Qe3+ 46. Rf2 Qc1+
47. Rf1 Qe3+ 48. Kh1 Qxd3 49. Rg1 Rh6 50. Bxf8 Rxg6 51. Qd8 Qxc4 52. Bc5+ Kh7
53. Qxh4+ Rh6 54. Qxd4 Rh4 55. Qxc4 Rxc4 56. Be7 Kg6 57. Bf6 Re4 58. g3 Re2 59.
Rg2 Re4 60. Kh2 Kh5 61. Ra2 Rb4 62. Kg2 Kg6 63. h4 Rb1 64. Ra8 Kh5 65. Rh8+ Kg4
66. Rg8+ Kh5 67. Rg7 Rb2+ 68. Kh3 Rb1 69. Rxf7 Rb3 70. Rh7+ Kg6 71. Rh8 f4 72.
Rg8+ Kh7 73. h5 Kxg8 74. h6 Rxg3+ 75. Kh2 Rg6 76. Bd8 Kh7 77. Ba5 Kxh6 78. Bd2
Kg5 79. Kg2 Kf5+ 80. Kf3 Rg3+ 81. Kf2 Kxe5 0-1

[Event "XXIII Miedzynarodowy Festiwal Szachowy "]
[Site "Krakow, Hotel Galaxy  ul. Ges"]
[Date "2013.01.02"]
[Round "7.29"]
[White "Snihur, Adam"]
[Black "Malaczek, Mateusz"]
[Result "0-1"]
[WhiteElo "1645"]
[BlackElo "1855"]
[PlyCount "86"]
[EventDate "2013.??.??"]

1. e4 c5 2. Nf3 Nc6 3. d4 cxd4 4. Nxd4 g6 5. Nc3 Bg7 6. Be3 Nf6 7. Bc4 O-O 8.
Bb3 d6 9. h3 Bd7 10. O-O a6 11. f4 b5 12. Qd3 Rc8 13. Nd5 Nxd5 14. Nxc6 Bxc6
15. exd5 Bd7 16. c3 a5 17. Bd4 Bxd4+ 18. Qxd4 Qc7 19. a4 bxa4 20. Bxa4 Bxa4 21.
Rxa4 Rb8 22. c4 Rfc8 23. Kh1 Rb4 24. Rxb4 axb4 25. Rc1 Qc5 26. Qe4 Rc7 27. f5
Qf2 28. fxg6 hxg6 29. Ra1 Kg7 30. b3 Qb2 31. Rb1 Qc3 32. Kg1 Ra7 33. Qe2 f6 34.
Qe1 Qxe1+ 35. Rxe1 Kf7 36. Kf2 f5 37. g4 Ra2+ 38. Kf3 Rh2 39. Kg3 Rc2 40. Re3
Rc3 41. Kf4 g5+ 42. Kf3 f4 43. Rxc3 bxc3 0-1

[Event "XXIII Miedzynarodowy Festiwal Szachowy "]
[Site "Krakow, Hotel Galaxy  ul. Ges"]
[Date "2013.01.02"]
[Round "7.31"]
[White "Gregulski, Zbigniew"]
[Black "Parol, Pola"]
[Result "1-0"]
[WhiteElo "1841"]
[BlackElo "1549"]
[PlyCount "67"]
[EventDate "2013.??.??"]

1. d4 d5 2. c4 c6 3. Nf3 Nf6 4. Nc3 e6 5. Bg5 dxc4 6. e4 Qa5 7. Bd2 b5 8. e5
Nfd7 9. Be2 Bb7 10. O-O a6 11. Qc2 Qc7 12. Rfe1 c5 13. d5 exd5 14. e6 fxe6 15.
Ng5 e5 16. Bh5+ Ke7 17. Qf5 Qb6 18. Nf7 g6 19. Bg5+ Ke8 20. Rxe5+ Nxe5 21.
Qxe5+ Kxf7 22. Bg4 Rg8 23. Re1 Qd6 24. Be6+ Ke8 25. Qf6 Qe7 26. Bf7+ Kd7 27.
Rxe7+ Bxe7 28. Qxe7+ Kc6 29. Qe6+ Kc7 30. Bf4+ Kd8 31. Bxg8 d4 32. Bf7 Bc6 33.
Nd5 Bd7 34. Qb6+ 1-0

[Event "XXIII Miedzynarodowy Festiwal Szachowy "]
[Site "Krakow, Hotel Galaxy  ul. Ges"]
[Date "2013.01.02"]
[Round "7.34"]
[White "Lis, Mateusz"]
[Black "Kudryavtsev, Mikhail"]
[Result "1/2-1/2"]
[WhiteElo "1681"]
[BlackElo "1834"]
[PlyCount "51"]
[EventDate "2013.??.??"]

1. e4 c5 2. Nf3 d6 3. d4 cxd4 4. Nxd4 Nf6 5. Nc3 e6 6. Be2 Be7 7. O-O a6 8. Be3
b6 9. Bf3 e5 10. Nf5 Bxf5 11. exf5 Ra7 12. Nd5 Nxd5 13. Bxd5 Bf6 14. Qe2 Qc7
15. Rfd1 O-O 16. c3 Nd7 17. a4 Bd8 18. a5 Qb8 19. Bc6 Nf6 20. b4 Rc7 21. Qf3
bxa5 22. bxa5 Qc8 23. Ba8 Rxc3 24. Rxd6 Bxa5 25. Bb7 Qc4 26. Bxa6 1/2-1/2

[Event "XXIII Miedzynarodowy Festiwal Szachowy "]
[Site "Krakow, Hotel Galaxy  ul. Ges"]
[Date "2013.01.02"]
[Round "7.35"]
[White "Latka, Tadeusz"]
[Black "Mika, Andrzej"]
[Result "1-0"]
[WhiteElo "1573"]
[BlackElo "1811"]
[PlyCount "35"]
[EventDate "2013.??.??"]

1. Nf3 Nf6 2. b3 d6 3. Bb2 e5 4. g3 b6 5. Bg2 Bb7 6. O-O Be7 7. d3 O-O 8. c4
Nbd7 9. Nbd2 a5 10. a3 Nh5 11. e4 g6 12. b4 Ng7 13. b5 Ne6 14. a4 Bf6 15. Nb3
Ndc5 16. Qc2 Nxb3 17. Qxb3 Bg7 18. Qc2 1-0

[Event "XXIII Miedzynarodowy Festiwal Szachowy "]
[Site "Krakow, Hotel Galaxy  ul. Ges"]
[Date "2013.01.02"]
[Round "7.36"]
[White "Sawczuk, Czeslaw"]
[Black "Wilk, Maciej"]
[Result "1/2-1/2"]
[WhiteElo "1806"]
[BlackElo "1646"]
[PlyCount "69"]
[EventDate "2013.??.??"]

1. d4 d5 2. Nf3 Nf6 3. Nc3 Bf5 4. Bf4 e6 5. a3 c5 6. e3 a6 7. Be2 Nc6 8. O-O
Be7 9. h3 O-O 10. Ne5 Rc8 11. Qd2 cxd4 12. exd4 Nxe5 13. Bxe5 Ne4 14. Nxe4 Bxe4
15. Bd3 Bxd3 16. Qxd3 Bf6 17. Bxf6 Qxf6 18. Rfe1 Rc4 19. c3 Qg6 20. Qd2 b5 21.
Re3 Rfc8 22. Rg3 Qf6 23. Re1 a5 24. b4 a4 25. Ree3 Qh6 26. Qe1 g6 27. Rd3 R8c7
28. Qe3 Qxe3 29. Rdxe3 Kf8 30. f4 Ke7 31. Rgf3 R4c6 32. Kf2 h5 33. Ke2 f5 34.
Kd2 Kf6 35. h4 1/2-1/2

[Event "XXIII Miedzynarodowy Festiwal Szachowy "]
[Site "Krakow, Hotel Galaxy  ul. Ges"]
[Date "2013.01.02"]
[Round "7.37"]
[White "Drop, Szymon"]
[Black "Krzymionka, Karol"]
[Result "1-0"]
[WhiteElo "1803"]
[BlackElo "1629"]
[PlyCount "83"]
[EventDate "2013.??.??"]

1. e4 Nf6 2. Nc3 d5 3. exd5 Nxd5 4. Qf3 Nxc3 5. dxc3 e6 6. Bf4 Bd6 7. Bb5+ Nd7
8. Bxd6 cxd6 9. Qg3 O-O 10. Qxd6 Nf6 11. Qxd8 Rxd8 12. Nf3 a6 13. Bd3 b6 14. a4
Bb7 15. O-O Bxf3 16. gxf3 Rd6 17. c4 Rad8 18. a5 Nh5 19. axb6 Rxb6 20. Rfd1 g6
21. b3 Nf4 22. c5 Rc6 23. b4 Nxd3 24. Rxd3 Rxd3 25. cxd3 e5 26. f4 f6 27. fxe5
fxe5 28. f4 Kf7 29. fxe5 Ke6 30. d4 Kd5 31. Rd1 Rc8 32. Kf2 Rb8 33. Re1 Rxb4
34. e6 Rb8 35. e7 Re8 36. Re3 a5 37. Ke2 Kc6 38. Kd3 Kd7 39. Kc4 Rxe7 40. Ra3
h5 41. Rxa5 Re2 42. Ra7+ 1-0

[Event "XXIII Miedzynarodowy Festiwal Szachowy "]
[Site "Krakow, Hotel Galaxy  ul. Ges"]
[Date "2013.01.02"]
[Round "7.38"]
[White "Leczek, Weronika"]
[Black "Klementys, Jerzy"]
[Result "1-0"]
[WhiteElo "1549"]
[BlackElo "1798"]
[PlyCount "79"]
[EventDate "2013.??.??"]

1. e4 c5 2. Nf3 d6 3. d4 cxd4 4. Nxd4 Nf6 5. Nc3 a6 6. Bc4 e6 7. Bb3 Be7 8. Be3
Qc7 9. f3 Nbd7 10. Qd2 Nc5 11. O-O-O b5 12. Kb1 b4 13. Na4 a5 14. Nb5 Qc6 15.
Nxd6+ Bxd6 16. Qxd6 Qxd6 17. Rxd6 Nxb3 18. cxb3 O-O 19. Nb6 Rb8 20. Rhd1 g6 21.
Rd8 Ba6 22. Rxf8+ Kxf8 23. e5 Rxb6 24. Bxb6 Nd5 25. Bxa5 Ke7 26. Rxd5 exd5 27.
Bxb4+ Ke6 28. Bd6 g5 29. g3 h5 30. a4 Kf5 31. b4 Be2 32. b5 Ke6 33. b6 Ba6 34.
b4 Kd7 35. b5 Bb7 36. a5 Kc8 37. a6 Ba8 38. b7+ Bxb7 39. axb7+ Kxb7 40. Bc5 1-0

[Event "XXIII Miedzynarodowy Festiwal Szachowy "]
[Site "Krakow, Hotel Galaxy  ul. Ges"]
[Date "2013.01.02"]
[Round "7.39"]
[White "Tavakalov, Stanislav"]
[Black "Swiech, Joanna"]
[Result "1-0"]
[WhiteElo "1772"]
[BlackElo "1501"]
[PlyCount "49"]
[EventDate "2013.??.??"]

1. e4 e6 2. d4 d5 3. Nc3 c5 4. exd5 exd5 5. dxc5 d4 6. Qe2+ Qe7 7. Nd5 Qxe2+ 8.
Bxe2 Kd8 9. Bf4 Nc6 10. O-O-O Bxc5 11. b4 Bb6 12. b5 Nce7 13. Nxb6 axb6 14.
Rxd4+ Ke8 15. Bc4 Bf5 16. Nf3 Ng6 17. Re1+ N8e7 18. Bd6 Rd8 19. Ne5 Nxe5 20.
Rxe5 Be6 21. Bxe6 fxe6 22. Rxe6 Rd7 23. Rde4 Kd8 24. Bxe7+ Kc7 25. Bg5 1-0

[Event "XXIII Miedzynarodowy Festiwal Szachowy "]
[Site "Krakow, Hotel Galaxy  ul. Ges"]
[Date "2013.01.02"]
[Round "7.42"]
[White "Miszkielo, Bartosz"]
[Black "Hodorowicz, Kamil"]
[Result "1/2-1/2"]
[WhiteElo "1600"]
[BlackElo "1841"]
[PlyCount "60"]
[EventDate "2013.??.??"]

1. e4 c6 2. d4 d5 3. f3 dxe4 4. fxe4 e5 5. Nf3 Bg4 6. Bc4 Nd7 7. O-O Bxf3 8.
Qxf3 Ngf6 9. Qb3 Qb6 10. Bxf7+ Ke7 11. Qxb6 axb6 12. Bb3 exd4 13. Bf4 Ke8 14.
Nd2 h6 15. e5 Nh5 16. e6 Nc5 17. Be5 Be7 18. Bxd4 Rd8 19. c3 Rf8 20. Rxf8+ Kxf8
21. Nf3 Nf4 22. Rf1 Kg8 23. Bxc5 Bxc5+ 24. Kh1 Re8 25. Ne5 Nxe6 26. Re1 Kh7 27.
Nxc6 bxc6 28. Rxe6 Rxe6 29. Bxe6 Be3 30. g3 Kg6 1/2-1/2

[Event "XXIII Miedzynarodowy Festiwal Szachowy "]
[Site "Krakow, Hotel Galaxy  ul. Ges"]
[Date "2013.01.02"]
[Round "7.43"]
[White "Kucharska, Honorata"]
[Black "Grabarczyk, Sylwester"]
[Result "1/2-1/2"]
[WhiteElo "1558"]
[BlackElo "1722"]
[PlyCount "82"]
[EventDate "2013.??.??"]

1. e4 c5 2. c3 g6 3. d4 cxd4 4. cxd4 d5 5. e5 Nh6 6. Bd3 Nc6 7. Ne2 Bg4 8. Be3
Nf5 9. Bxf5 gxf5 10. Nbc3 e6 11. Qd2 h6 12. Ng1 Na5 13. f3 Bh5 14. Nh3 Nc4 15.
Qe2 Nxe3 16. Qxe3 Bb4 17. Nf4 Qh4+ 18. g3 Qg5 19. Qd3 a6 20. a3 Bxc3+ 21. Qxc3
O-O 22. Kf2 Rac8 23. Qd3 Bg6 24. h4 Qd8 25. Qd2 h5 26. Rac1 Qb6 27. Rc3 Rc4 28.
Rxc4 dxc4 29. Rd1 Kg7 30. Qc3 Rc8 31. Rc1 Rc6 32. Rc2 a5 33. Rc1 Kh7 34. Rc2 f6
35. Nxg6 Kxg6 36. exf6 e5 37. Rd2 Rxf6 38. Qe3 exd4 39. Qe8+ Kh6 40. Qh8+ Kg6
41. Qg8+ Kh6 1/2-1/2

[Event "XXIII Miedzynarodowy Festiwal Szachowy "]
[Site "Krakow, Hotel Galaxy  ul. Ges"]
[Date "2013.01.02"]
[Round "7.44"]
[White "Dobrzanska, Joanna"]
[Black "Roneid, Heidi"]
[Result "1/2-1/2"]
[WhiteElo "1552"]
[BlackElo "1674"]
[PlyCount "74"]
[EventDate "2013.??.??"]

1. e4 c5 2. Nf3 d6 3. d4 cxd4 4. Nxd4 Nf6 5. Nc3 g6 6. Bc4 Bg7 7. f3 Nc6 8. Be3
O-O 9. Qd2 Bd7 10. O-O-O Rc8 11. Bb3 Nxd4 12. Bxd4 b5 13. h4 a5 14. a3 b4 15.
axb4 axb4 16. Na2 Ra8 17. Qxb4 Qc7 18. Qb6 Qxb6 19. Bxb6 Be6 20. Bxe6 fxe6 21.
Nc3 Bh6+ 22. Kb1 Ra6 23. Bd4 Rfa8 24. b3 Rc8 25. Kb2 Rac6 26. Rd3 Nd7 27. Re1
Nc5 28. Bxc5 Rxc5 29. e5 Bg7 30. f4 dxe5 31. fxe5 Bxe5 32. Ree3 Bf6 33. g3 Kg7
34. b4 R5c6 35. Kb3 Kf7 36. Rf3 Kg7 37. Rfe3 Kf7 1/2-1/2

[Event "XXIII Miedzynarodowy Festiwal Szachowy "]
[Site "Krakow, Hotel Galaxy  ul. Ges"]
[Date "2013.01.02"]
[Round "7.48"]
[White "Szado, Jerzy"]
[Black "Lewczuk, Antoni"]
[Result "0-1"]
[WhiteElo "1554"]
[BlackElo "1604"]
[PlyCount "55"]
[EventDate "2013.??.??"]

1. d4 b6 2. Nf3 Bb7 3. c4 e6 4. Nc3 Bb4 5. e3 f5 6. g3 Nf6 7. a3 Bxc3+ 8. bxc3
Ne4 9. Qc2 Ng5 10. Nxg5 Bxh1 11. f4 h6 12. Nh3 Be4 13. Qe2 Qe7 14. a4 d6 15.
Bg2 Bc6 16. Ba3 Kd7 17. e4 fxe4 18. Bxe4 g5 19. Kd2 Bxe4 20. Qxe4 Nc6 21. Re1
Na5 22. Kd3 Qh7 23. fxg5 Qxe4+ 24. Rxe4 hxg5 25. Nxg5 Rxh2 26. Nxe6 Rg8 27. g4
Nb3 28. Rf4 0-1

[Event "XXIII Miedzynarodowy Festiwal Szachowy "]
[Site "Krakow, Hotel Galaxy  ul. Ges"]
[Date "2013.01.02"]
[Round "7.51"]
[White "Madej, Roman"]
[Black "Ujma, Czeslaw"]
[Result "1-0"]
[WhiteElo "1609"]
[BlackElo "1510"]
[PlyCount "39"]
[EventDate "2013.??.??"]

1. d4 Nf6 2. c4 d6 3. Nc3 e6 4. e4 Bd7 5. Nf3 Be7 6. Bd3 Nc6 7. O-O Nb4 8. Be2
c5 9. a3 Na6 10. d5 e5 11. Bg5 h6 12. Bd2 Nc7 13. b4 cxb4 14. axb4 Na6 15. Qb3
O-O 16. Be3 Qb6 17. Rab1 Qd8 18. Rfc1 b6 19. c5 dxc5 20. Bxa6 1-0

[Event "XXIII Miedzynarodowy Festiwal Szachowy "]
[Site "Krakow, Hotel Galaxy  ul. Ges"]
[Date "2013.01.03"]
[Round "8.1"]
[White "Zajac, Mateusz"]
[Black "Kyc, Jerzy"]
[Result "1-0"]
[WhiteElo "1997"]
[BlackElo "1782"]
[PlyCount "105"]
[EventDate "2013.??.??"]

1. d4 Nf6 2. Nf3 g6 3. c4 Bg7 4. Nc3 d5 5. Qb3 dxc4 6. Qxc4 c6 7. e4 O-O 8. Be2
b5 9. Qb3 a6 10. O-O Bb7 11. Rd1 Qc7 12. a4 e6 13. e5 Nd5 14. Nxd5 exd5 15. Bd2
Nd7 16. Rdc1 Qb6 17. Bb4 Rfc8 18. Qe3 Bf8 19. Bxf8 Nxf8 20. a5 Qd8 21. Nd2 Rc7
22. Nb3 Bc8 23. Nc5 Qe7 24. b4 Bf5 25. Ra3 f6 26. f4 fxe5 27. fxe5 Kg7 28. g4
Bd7 29. Rf1 h6 30. Rf6 Nh7 31. Rd6 Ng5 32. Bd3 Be8 33. h4 Nh7 34. Ne6+ Kg8 35.
Qxh6 Rd7 36. Rxc6 Rb7 37. Rd6 Rc8 38. Nc5 Rbc7 39. Bxg6 Bxg6 40. Rxg6+ Kh8 41.
Rf3 Qe8 42. e6 Re7 43. Qh5 Rg7 44. Rxg7 Qxh5 45. gxh5 Kxg7 46. Rf7+ Kh6 47. e7
Rh8 48. Ne6 Re8 49. Nc7 Rg8+ 50. Kf2 Nf6 51. Rxf6+ Kh7 52. Rf7+ Kh8 53. Rf8 1-0

[Event "XXIII Miedzynarodowy Festiwal Szachowy "]
[Site "Krakow, Hotel Galaxy  ul. Ges"]
[Date "2013.01.03"]
[Round "8.2"]
[White "Reza, Wojciech"]
[Black "Gumularz, Szymon"]
[Result "1-0"]
[WhiteElo "2079"]
[BlackElo "1762"]
[PlyCount "117"]
[EventDate "2013.??.??"]

1. e4 c5 2. Nf3 e6 3. Nc3 a6 4. a4 d6 5. g3 Nf6 6. Bg2 Nc6 7. O-O Be7 8. d4
cxd4 9. Nxd4 Qc7 10. Nxc6 bxc6 11. a5 O-O 12. Bd2 Nd7 13. Re1 Rb8 14. Na4 Bf6
15. Ra2 c5 16. Bf4 Be5 17. Bxe5 dxe5 18. Nc3 Rd8 19. Bf1 Bb7 20. b3 Nf6 21. Qc1
Rd4 22. f3 Rbd8 23. Qe3 Qd6 24. Bd3 Qc7 25. Bc4 Qd6 26. Bd3 Qc7 27. Nb1 Bc6 28.
Bxa6 Ra8 29. Be2 Rxa5 30. Rxa5 Qxa5 31. Qc3 Qb6 32. Kf1 h5 33. Na3 h4 34. Nc4
Qc7 35. Qa5 Qxa5 36. Nxa5 Be8 37. Nb7 Rd2 38. Rc1 Nh5 39. Ke1 Rd7 40. Nxc5 Rc7
41. Na6 Rc3 42. Kd2 Rc6 43. g4 Rd6+ 44. Ke3 Nf4 45. Nb4 f5 46. Nd3 Nxe2 47.
Kxe2 fxe4 48. fxe4 Rd4 49. Ke3 Bc6 50. Nc5 Kf7 51. c3 Rd8 52. Nd3 Bb7 53. Nxe5+
Kf6 54. Nf3 Ba6 55. c4 Rb8 56. e5+ Kg6 57. Nd4 Kg5 58. Rg1 Rb7 59. c5 1-0

[Event "XXIII Miedzynarodowy Festiwal Szachowy "]
[Site "Krakow, Hotel Galaxy  ul. Ges"]
[Date "2013.01.03"]
[Round "8.3"]
[White "Kalinina, Marianna"]
[Black "Stankiewicz, Pawel"]
[Result "0-1"]
[WhiteElo "2051"]
[BlackElo "2085"]
[PlyCount "124"]
[EventDate "2013.??.??"]

1. e4 c5 2. Nf3 d6 3. d4 cxd4 4. Nxd4 Nf6 5. Nc3 Nc6 6. Nb3 e6 7. Be2 Be7 8.
Be3 O-O 9. Qd2 a6 10. a4 b6 11. O-O Ne5 12. f3 Bb7 13. Rfd1 Qc7 14. Bf1 d5 15.
exd5 Nxd5 16. Nxd5 Bxd5 17. Qf2 Rfc8 18. Rac1 Qc6 19. Bxb6 Bxf3 20. Na5 Qxb6
21. Qxb6 Bc5+ 22. Qxc5 Rxc5 23. b4 Rxc2 24. Rd8+ Rxd8 25. Rxc2 Bd1 26. Rc1 Bxa4
27. Bxa6 Rd1+ 28. Rxd1 Bxd1 29. Kf2 Kf8 30. Ke3 Ke7 31. Kd4 f6 32. Bb7 Kd6 33.
Be4 h5 34. Nb7+ Kc7 35. Nc5 Kd6 36. Nb7+ Ke7 37. Nc5 Be2 38. Na4 Nd7 39. Nc3
Bf1 40. Bf3 f5 41. Bc6 e5+ 42. Ke3 Nb6 43. h4 Kd6 44. b5 Kc5 45. Kf2 Bc4 46.
Be8 Kb4 47. Nd1 Bxb5 48. Bxh5 Nd5 49. g3 Kc5 50. Ne3 Ne7 51. Bf7 Kd4 52. Be6
Bd3 53. h5 Ke4 54. Bd7 Ba6 55. Ba4 Bd3 56. Bd7 f4 57. gxf4 Kxf4 58. Be8 Kg5 59.
Kf3 Nf5 60. Ng2 Nd6 61. Ne1 e4+ 62. Ke3 Nxe8 0-1

[Event "XXIII Miedzynarodowy Festiwal Szachowy "]
[Site "Krakow, Hotel Galaxy  ul. Ges"]
[Date "2013.01.03"]
[Round "8.4"]
[White "Dadello, Aleksandra"]
[Black "Muhtarov, Leonid"]
[Result "1-0"]
[WhiteElo "1883"]
[BlackElo "2097"]
[PlyCount "93"]
[EventDate "2013.??.??"]

1. e4 c5 2. Nf3 e6 3. d4 cxd4 4. Nxd4 a6 5. Nc3 Qc7 6. Bd3 Nf6 7. O-O b5 8. Re1
d6 9. f4 Bb7 10. a3 Nbd7 11. Kh1 h5 12. Qe2 Be7 13. Be3 Rc8 14. Rad1 Qb8 15.
Bg1 Qa8 16. Nb3 Qb8 17. a4 b4 18. Na2 d5 19. f5 e5 20. exd5 Nxd5 21. Be4 Nf4
22. Qf3 Bxe4 23. Qxe4 h4 24. Be3 Nf6 25. Qf3 Rxc2 26. Bxf4 exf4 27. Nd4 h3 28.
Nxc2 hxg2+ 29. Kg1 b3 30. Nd4 bxa2 31. Rxe7+ Kf8 32. Rb7 Qe8 33. Nc6 Nd7 34.
Qa3+ Kg8 35. Qe7 Qxe7 36. Nxe7+ Kf8 37. Rbxd7 f3 38. Rd8+ Kxe7 39. Rxh8 Kf6 40.
Ra1 Kxf5 41. Rxa2 g5 42. b4 Kf4 43. b5 axb5 44. axb5 f5 45. b6 g4 46. b7 f2+
47. Rxf2+ 1-0

[Event "XXIII Miedzynarodowy Festiwal Szachowy "]
[Site "Krakow, Hotel Galaxy  ul. Ges"]
[Date "2013.01.03"]
[Round "8.5"]
[White "Slabek, Grzegorz"]
[Black "Klimentov, Evgeny"]
[Result "0-1"]
[WhiteElo "2074"]
[BlackElo "1896"]
[PlyCount "86"]
[EventDate "2013.??.??"]

1. d4 Nf6 2. Nf3 g6 3. g3 Bg7 4. Bg2 d6 5. O-O O-O 6. b3 c5 7. Bb2 Ne4 8. Nbd2
d5 9. c4 f5 10. cxd5 cxd4 11. Nxe4 fxe4 12. Nd2 Qxd5 13. Nxe4 Qd8 14. f4 Nc6
15. Qd3 Be6 16. Nc5 Bd5 17. e4 Bf7 18. Qb5 b6 19. Qxc6 Rc8 20. Qd7 bxc5 21.
Qxa7 e5 22. fxe5 Bxe5 23. Bh3 Rc7 24. Qb6 Qg5 25. Bc1 Qh5 26. Bf4 d3 27. Bg4
Bd4+ 28. Kh1 Qxg4 29. Qxc7 Bxa1 30. Rxa1 g5 31. Rf1 gxf4 32. gxf4 Bg6 33. Qe5
Re8 34. Qd5+ Qe6 35. Qxe6+ Rxe6 36. f5 Rxe4 37. fxg6 d2 38. gxh7+ Kxh7 39. Kg2
Re1 40. Rf7+ Kg6 41. Rd7 d1=Q 42. Rxd1 Rxd1 43. Kf3 Rd2 0-1

[Event "XXIII Miedzynarodowy Festiwal Szachowy "]
[Site "Krakow, Hotel Galaxy  ul. Ges"]
[Date "2013.01.03"]
[Round "8.6"]
[White "Jajte-pachota, Maciej"]
[Black "Francuzov, Alexander"]
[Result "1/2-1/2"]
[WhiteElo "1835"]
[BlackElo "2019"]
[PlyCount "71"]
[EventDate "2013.??.??"]

1. e4 e5 2. Nf3 Nc6 3. d4 exd4 4. Bc4 Bc5 5. c3 d3 6. Qxd3 d6 7. b4 Bb6 8. a4
a6 9. a5 Ba7 10. Bg5 Nf6 11. O-O Be6 12. Nbd2 O-O 13. b5 axb5 14. Bxe6 fxe6 15.
Qxb5 Qd7 16. Bxf6 gxf6 17. a6 bxa6 18. Rxa6 Bb6 19. Rxa8 Rxa8 20. Nd4 Ne5 21.
Qxd7 Nxd7 22. Nxe6 Ra2 23. Nc4 Rc2 24. Nxb6 cxb6 25. f4 Rxc3 26. f5 Nc5 27.
Nxc5 Rxc5 28. Rd1 Rc6 29. Kf2 Kf7 30. g4 b5 31. Rd5 Rb6 32. Rd3 Ke7 33. Rh3 d5
34. Rxh7+ Kd6 35. g5 dxe4 36. Ke3 1/2-1/2

[Event "XXIII Miedzynarodowy Festiwal Szachowy "]
[Site "Krakow, Hotel Galaxy  ul. Ges"]
[Date "2013.01.03"]
[Round "8.7"]
[White "Puczylowski, Marcin"]
[Black "Gora, Jan"]
[Result "1-0"]
[WhiteElo "1991"]
[BlackElo "2000"]
[PlyCount "139"]
[EventDate "2013.??.??"]

1. e4 c5 2. Nf3 Nc6 3. d4 cxd4 4. Nxd4 g6 5. Nc3 Bg7 6. Be3 Nf6 7. Bc4 O-O 8.
Bb3 a5 9. f3 d6 10. Qd2 Bd7 11. a3 a4 12. Ba2 Qa5 13. O-O Ne5 14. Qe2 Rac8 15.
h3 Nh5 16. Rfd1 Kh8 17. Nd5 Nc6 18. c3 f5 19. exf5 Ng3 20. Qd2 Nxd4 21. Bxd4
Nxf5 22. Bxg7+ Kxg7 23. Kh1 e6 24. Ne3 Ng3+ 25. Kh2 Qe5 26. Ng4 Nf1+ 27. Kg1
Nxd2 28. Nxe5 dxe5 29. Rxd2 Rc7 30. Re1 Kf6 31. Kf2 Rf7 32. Ke3 g5 33. Rd6 Re7
34. Red1 h5 35. Rb6 Bc6 36. Bb1 Red7 37. Rxd7 Rxd7 38. Be4 Ke7 39. Rb4 Kd6 40.
Bxc6 Kxc6 41. Rxa4 Rd1 42. Rc4+ Kd6 43. Rb4 Kc6 44. h4 gxh4 45. Rxh4 Re1+ 46.
Kf2 Rb1 47. Rb4 h4 48. a4 b6 49. Rb5 Kc7 50. Rb4 Rh1 51. Ke3 Re1+ 52. Kd3 Rd1+
53. Kc2 Rg1 54. Rg4 Rh1 55. Kd3 Rd1+ 56. Kc4 Rd2 57. b3 Rb2 58. b4 Rc2 59. Kb5
Kd6 60. c4 Rb2 61. Rg7 e4 62. fxe4 Ke5 63. Rg4 Kd4 64. Rxh4 Rxg2 65. Kxb6 Kxc4
66. e5+ Kd5 67. a5 Rg8 68. a6 Rb8+ 69. Kc7 Rxb4 70. Rxb4 1-0